Music Quiz

Random Music Quiz
Score 0/75 Timer 06:00
0 Plays Today
Hint Lyrics % Correct
and
91.2%
and
91.2%
we
91.2%
the
91.2%
baby
88.2%
baby
88.2%
baby
88.2%
baby
88.2%
baby
88.2%
baby
88.2%
baby
88.2%
baby
88.2%
Gimme
82.4%
gimme
82.4%
gimme
82.4%
gimme
82.4%
gimme
82.4%
Gimme
82.4%
gimme
82.4%
gimme
82.4%
gimme
82.4%
gimme
82.4%
all
82.4%
night
82.4%
Gimme
82.4%
gimme
82.4%
gimme
82.4%
gimme
82.4%
gimme
82.4%
Gimme
82.4%
gimme
82.4%
gimme
82.4%
gimme
82.4%
gimme
82.4%
all
82.4%
night
82.4%
Gimme
82.4%
gimme
82.4%
Hint Lyrics % Correct
gimme
82.4%
gimme
82.4%
gimme
82.4%
Gimme
82.4%
gimme
82.4%
gimme
82.4%
gimme
82.4%
gimme
82.4%
Now
79.4%
we're
79.4%
back
79.4%
Yea
79.4%
Yea
79.4%
alright
76.5%
Chewing
76.5%
gum
76.5%
yo
76.5%
Alright
76.5%
Alright
76.5%
On
73.5%
stage
73.5%
stage
73.5%
on
73.5%
Type 'NCT DREAM' to finish :)NCT DREAM
73.5%
ha
70.6%
Spotlight
67.6%
Go
67.6%
Whatever
64.7%
do
61.8%
Hahaha
55.9%
free
55.9%
Come
55.9%
Louder
52.9%
Young
50%
wild
50%
Higher
50%
y'all
38.2%
Remove Ads.
Support Sporcle.
Get the best of Sporcle when you Go Orange. This ad-free experience offers more features, more stats, and more fun while also helping to support Sporcle. Thank you for becoming a member.

You're not logged in!

Compare scores with friends on all Sporcle quizzes.
OR
Log In

Show Comments

Extras

Created Sep 24, 2019ReportNominate
Tags:Dream, English, NCT, run

Top Quizzes Today


Score Distribution

Your Account Isn't Verified!

In order to create a playlist on Sporcle, you need to verify the email address you used during registration. Go to your Sporcle Settings to finish the process.

Report this User

Report this user for behavior that violates our Community Guidelines.

Details: